Prožij si svou značku
Definícia behavioral brandingu. Otázka vzťahu k zákazníkovi. Dôraz na city a na schopnosť zamestnancov zapojiť značku do svojho života. Nástroje, ako túto emocionalizáciu preniesť do každodenného života: tzv. brand-personality, community management a storytelling. Vysvetlenie pojmov a ich aplikácia...
Salvato in:
| Autore principale: | |
|---|---|
| Natura: | Capitolo di libro |
| Lingua: | ceco |
| Soggetti: | |
| Tags: |
Nessun Tag, puoi essere il primo ad aggiungerne!!
|
MARC
| LEADER | 00000naa$a2200000$$$4500 | ||
|---|---|---|---|
| 001 | 0073938 | ||
| 005 | 20231019093107.7 | ||
| 041 | 0 | |a cze | |
| 044 | |a CZ | ||
| 245 | 1 | 0 | |a Prožij si svou značku |c Kateřina Komorádová |
| 520 | |a Definícia behavioral brandingu. Otázka vzťahu k zákazníkovi. Dôraz na city a na schopnosť zamestnancov zapojiť značku do svojho života. Nástroje, ako túto emocionalizáciu preniesť do každodenného života: tzv. brand-personality, community management a storytelling. Vysvetlenie pojmov a ich aplikácia v praxi. | ||
| 610 | 2 | 0 | |a marketing |
| 610 | 2 | 0 | |a komunikácia marketingová |
| 610 | 2 | 0 | |a značky výrobkov |
| 610 | 2 | 0 | |a propagácia |
| 610 | 2 | 0 | |a spotrebitelia |
| 610 | 2 | 0 | |a zamestnanci |
| 100 | 1 | |a Komorádová, Kateřina | |